[Event "HSG Open 2016"]
[Site "Hilversum"]
[Date "2016.06.17"]
[Round "2.10"]
[White "Van de Griendt, Jan Willem"]
[Black "Schoehuijs, Erik"]
[Result "1-0"]
[BlackElo "2151"]
[WhiteElo "2342"]
[LiveChessVersion "1.4.8"]

1. d4 {[%clk 1:46:22]} Nf6 {[%clk 1:50:12]} 2. c4 {[%clk 1:46:17]} g6
{[%clk 1:50:13]} 3. Nc3 {[%clk 1:46:22]} Bg7 {[%clk 1:50:17]} 4. e4
{[%clk 1:46:29]} d6 {[%clk 1:50:22]} 5. f3 {[%clk 1:46:20]} O-O {[%clk 1:50:10]}
6. Bg5 {[%clk 1:46:27]} c5 {[%clk 1:49:57]} 7. d5 {[%clk 1:46:32]} e6
{[%clk 1:49:45]} 8. Qd2 {[%clk 1:46:38]} exd5 {[%clk 1:49:44]} 9. cxd5
{[%clk 1:46:44]} a6 {[%clk 1:49:44]} 10. a4 {[%clk 1:46:45]} Qe8 {[%clk 1:48:03]}
11. Nge2 {[%clk 1:40:44]} Nbd7 {[%clk 1:48:02]} 12. Nd1 {[%clk 1:35:02]} Ne5
{[%clk 1:31:44]} 13. Nec3 {[%clk 1:35:01]} Rb8 {[%clk 1:29:06]} 14. a5
{[%clk 1:31:49]} Bd7 {[%clk 1:28:27]} 15. Be2 {[%clk 1:31:31]} Bb5
{[%clk 1:20:57]} 16. O-O {[%clk 1:24:20]} Nc4 {[%clk 1:11:52]} 17. Qc1
{[%clk 1:18:20]} Ne5 {[%clk 1:08:49]} 18. Qd2 {[%clk 1:12:26]} Nc4
{[%clk 1:07:17]} 19. Qc2 {[%clk 1:12:30]} Qe5 {[%clk 0:55:41]} 20. Bc1
{[%clk 1:09:08]} Nh5 {[%clk 0:48:47]} 21. f4 {[%clk 0:53:35]} Qd4+
{[%clk 0:46:02]} 22. Kh1 {[%clk 0:51:55]} b6 {[%clk 0:42:01]} 23. axb6
{[%clk 0:51:58]} Nxb6 {[%clk 0:41:09]} 24. Nxb5 {[%clk 0:43:59]} axb5
{[%clk 0:41:12]} 25. Be3 {[%clk 0:44:02]} Qf6 {[%clk 0:38:32]} 1-0

[Event "HSG Open 2016"]
[Site "Hilversum"]
[Date "2016.06.17"]
[Round "2.11"]
[White "Ketzetzis, Georgios"]
[Black "Hoekstra, Peter"]
[Result "1-0"]
[BlackElo "2049"]
[WhiteElo "2326"]
[LiveChessVersion "1.4.8"]

1. e4 {[%clk 1:50:11]} e6 {[%clk 1:46:39]} 2. d4 {[%clk 1:50:13]} d5
{[%clk 1:46:42]} 3. Nc3 {[%clk 1:50:18]} Bb4 {[%clk 1:46:26]} 4. e5
{[%clk 1:50:19]} c5 {[%clk 1:46:27]} 5. Bd2 {[%clk 1:50:22]} Ne7 6. dxc5
{[%clk 1:48:35]} O-O {[%clk 1:32:45]} 7. Qh5 {[%clk 1:48:35]} Nd7
{[%clk 1:29:18]} 8. Nf3 {[%clk 1:48:08]} Ng6 {[%clk 1:27:08]} 9. Ng5
{[%clk 1:41:36]} h6 {[%clk 1:21:45]} 10. Nxe6 {[%clk 1:41:41]} fxe6
{[%clk 1:21:03]} 11. Qxg6 {[%clk 1:41:46]} Nxe5 {[%clk 1:18:18]} 12. Qg3
{[%clk 1:41:43]} Qf6 {[%clk 1:17:26]} 13. f4 {[%clk 1:38:05]} Ng6
{[%clk 1:02:21]} 14. Bd3 {[%clk 1:24:45]} Ne7 {[%clk 0:53:15]} 15. O-O
{[%clk 1:13:22]} Bxc5+ {[%clk 0:51:08]} 16. Kh1 {[%clk 1:13:28]} Bd7
{[%clk 0:42:10]} 17. Rae1 {[%clk 1:11:45]} Nf5 {[%clk 0:39:48]} 18. Qh3
{[%clk 1:11:47]} Rae8 {[%clk 0:17:49]} 19. Nd1 {[%clk 1:00:09]} Qf7
{[%clk 0:15:10]} 20. g4 {[%clk 0:59:44]} Nd6 {[%clk 0:14:49]} 21. Re5
{[%clk 0:58:07]} Bd4 {[%clk 0:12:33]} 22. c3 {[%clk 0:56:20]} Ne4
{[%clk 0:11:23]} 23. cxd4 {[%clk 0:41:14]} Nxd2 {[%clk 0:11:28]} 24. Rf2
{[%clk 0:41:20]} Ne4 {[%clk 0:11:25]} 25. Bxe4 {[%clk 0:41:13]} dxe4
{[%clk 0:11:30]} 26. Ne3 {[%clk 0:40:10]} Rc8 {[%clk 0:11:04]} 27. Rf1
{[%clk 0:37:46]} a6 {[%clk 0:09:19]} 28. g5 {[%clk 0:33:26]} Bb5 {[%clk 0:08:27]}
29. Rf2 {[%clk 0:32:02]} Qg6 {[%clk 0:04:15]} 30. Rxe6 {[%clk 0:25:49]} Qxg5
{[%clk 0:04:03]} 31. fxg5 {[%clk 0:20:43]} Rxf2 {[%clk 0:04:08]} 32. Kg1
{[%clk 0:19:12]} Rxb2 {[%clk 0:02:53]} 33. Rf6 {[%clk 0:18:21]} Rc1+
{[%clk 0:02:40]} 34. Rf1 {[%clk 0:18:17]} Bxf1 {[%clk 0:02:47]} 35. Qe6+
{[%clk 0:16:35]} Kf8 {[%clk 0:02:56]} 36. Qf5+ {[%clk 0:16:19]} Kg8
{[%clk 0:02:51]} 37. Qd5+ {[%clk 0:13:15]} Kf8 {[%clk 0:02:58]} 38. Qd8+
{[%clk 0:13:18]} Kf7 {[%clk 0:03:02]} 39. Qd7+ {[%clk 0:07:37]} Kf8
{[%clk 0:03:11]} 40. Qd6+ {[%clk 0:07:43]} Kg8 {[%clk 0:03:03]} 41. Qe6+
{[%clk 0:06:36]} Kf8 {[%clk 0:03:08]} 42. Nxf1 {[%clk 0:06:25]} Rbb1
{[%clk 0:03:13]} 43. d5 {[%clk 0:04:03]} Rxf1+ {[%clk 0:02:47]} 44. Kg2
{[%clk 0:04:12]} Rg1+ {[%clk 0:01:24]} 45. Kh3 {[%clk 0:04:17]} Rbe1
{[%clk 0:01:09]} 46. g6 {[%clk 0:04:05]} Re3+ {[%clk 0:00:44]} 47. Kh4
{[%clk 0:04:11]} Rf1 {[%clk 0:00:52]} 48. Qc8+ {[%clk 0:03:55]} Ke7
{[%clk 0:00:54]} 49. Qxb7+ {[%clk 0:03:39]} Kf6 {[%clk 0:00:39]} 50. Qf7+
{[%clk 0:03:39]} Ke5 {[%clk 0:00:38]} 51. Qxf1 {[%clk 0:03:43]} Kxd5
{[%clk 0:00:41]} 52. Qf7+ Kd6 1-0

[Event "HSG Open 2016"]
[Site "Hilversum"]
[Date "2016.06.17"]
[Round "2.12"]
[White "Brink, Barry"]
[Black "Cheung, Jan"]
[Result "1/2-1/2"]
[BlackElo "2043"]
[WhiteElo "2324"]
[LiveChessVersion "1.4.8"]

1. d4 {[%clk 1:50:15]} Nf6 {[%clk 1:50:14]} 2. c4 {[%clk 1:50:20]} e6
{[%clk 1:50:13]} 3. Nc3 {[%clk 1:50:20]} Bb4 {[%clk 1:50:12]} 4. e3
{[%clk 1:50:05]} O-O {[%clk 1:50:05]} 5. Bd3 {[%clk 1:50:09]} d5 {[%clk 1:49:56]}
6. Nf3 {[%clk 1:49:46]} c5 {[%clk 1:49:52]} 7. O-O {[%clk 1:49:43]} cxd4
{[%clk 1:48:03]} 8. exd4 {[%clk 1:49:36]} dxc4 {[%clk 1:47:57]} 9. Bxc4
{[%clk 1:49:37]} Bxc3 {[%clk 1:47:55]} 10. bxc3 {[%clk 1:49:38]} Qc7
{[%clk 1:47:48]} 11. Qd3 {[%clk 1:49:17]} b6 {[%clk 1:46:41]} 12. Bg5
{[%clk 1:48:52]} Nbd7 {[%clk 1:46:31]} 13. Rfe1 {[%clk 1:45:53]} Bb7
{[%clk 1:45:59]} 14. Bb3 {[%clk 1:45:34]} Rac8 {[%clk 1:42:35]} 15. Rac1
{[%clk 1:45:17]} Qd6 {[%clk 1:34:05]} 16. Rcd1 {[%clk 1:34:53]} Qc7
{[%clk 1:24:44]} 17. Rc1 {[%clk 1:20:26]} Rfe8 {[%clk 1:23:08]} 18. Bxf6
{[%clk 1:19:15]} Nxf6 {[%clk 1:22:36]} 19. Ne5 {[%clk 1:18:49]} a6
{[%clk 1:13:14]} 20. Re3 {[%clk 1:17:06]} b5 {[%clk 1:02:56]} 21. Rce1
{[%clk 1:12:28]} Bd5 {[%clk 1:00:01]} 22. Rg3 {[%clk 1:05:44]} Qe7
{[%clk 0:52:30]} 23. Qb1 {[%clk 0:41:21]} Rc7 {[%clk 0:45:34]} 24. a4
{[%clk 0:17:14]} bxa4 {[%clk 0:34:16]} 25. Bxa4 {[%clk 0:11:04]} Rec8
{[%clk 0:33:00]} 26. Qc2 {[%clk 0:10:30]} Qd6 {[%clk 0:18:03]} 27. Rge3
{[%clk 0:05:49]} Qf8 {[%clk 0:14:41]} 28. f3 {[%clk 0:04:41]} Qd6
{[%clk 0:13:56]} 29. Rd1 {[%clk 0:01:15]} g6 {[%clk 0:11:36]} 30. Kf2
{[%clk 0:00:41]} 1/2-1/2

[Event "HSG Open 2016"]
[Site "Hilversum"]
[Date "2016.06.18"]
[Round "3.1"]
[White "Dgebuadze, Alexandre"]
[Black "Peng, Zhaoqin"]
[Result "1/2-1/2"]
[BlackElo "2379"]
[WhiteElo "2510"]
[LiveChessVersion "1.4.8"]

1. e4 {[%clk 1:49:58]} e6 {[%clk 1:49:33]} 2. d4 {[%clk 1:49:56]} d5
{[%clk 1:49:36]} 3. Nd2 {[%clk 1:50:02]} c5 {[%clk 1:49:29]} 4. Ngf3
{[%clk 1:48:38]} Nf6 {[%clk 1:49:04]} 5. exd5 {[%clk 1:48:29]} exd5
{[%clk 1:49:03]} 6. Bb5+ {[%clk 1:48:28]} Bd7 {[%clk 1:49:07]} 7. Bxd7+
{[%clk 1:47:57]} Nbxd7 {[%clk 1:49:12]} 8. O-O {[%clk 1:47:44]} Be7
{[%clk 1:48:58]} 9. dxc5 {[%clk 1:47:42]} Nxc5 {[%clk 1:49:02]} 10. Nd4
{[%clk 1:47:31]} Qd7 {[%clk 1:47:36]} 11. Qf3 {[%clk 1:47:00]} O-O
{[%clk 1:46:52]} 12. Nf5 {[%clk 1:47:02]} Bd8 {[%clk 1:45:13]} 13. Nb3
{[%clk 1:46:10]} Nce4 {[%clk 1:45:02]} 14. Be3 {[%clk 1:45:28]} Rc8
{[%clk 1:39:22]} 15. c3 {[%clk 1:43:41]} g6 {[%clk 1:37:20]} 16. Nh6+
{[%clk 1:23:12]} Kg7 {[%clk 1:37:23]} 17. h3 {[%clk 1:23:02]} a5 {[%clk 1:15:14]}
18. Nd4 {[%clk 1:22:37]} a4 {[%clk 1:14:13]} 19. a3 {[%clk 1:22:41]} Nd6
{[%clk 1:10:43]} 20. Rad1 {[%clk 1:16:00]} Nc4 {[%clk 1:04:18]} 21. Bc1
{[%clk 1:15:55]} Re8 {[%clk 0:35:11]} 22. Rfe1 {[%clk 1:14:58]} Bb6
{[%clk 0:32:10]} 23. Ndf5+ {[%clk 0:43:28]} gxf5 {[%clk 0:29:18]} 24. Nxf5+
{[%clk 0:43:18]} Kh8 {[%clk 0:29:25]} 25. Ne7 {[%clk 0:35:40]} Rc6
{[%clk 0:22:14]} 26. Bg5 {[%clk 0:21:22]} Kg7 {[%clk 0:20:21]} 27. Nxc6
{[%clk 0:12:01]} Rxe1+ {[%clk 0:19:06]} 28. Rxe1 {[%clk 0:12:07]} Qxc6
{[%clk 0:19:13]} 29. Re7 {[%clk 0:12:06]} Bd8 {[%clk 0:16:33]} 30. Bxf6+
{[%clk 0:12:04]} Qxf6 {[%clk 0:16:37]} 31. Qxf6+ {[%clk 0:12:11]} Kxf6
{[%clk 0:16:41]} 32. Rxb7 {[%clk 0:12:17]} Bb6 {[%clk 0:10:33]} 1/2-1/2

[Event "HSG Open 2016"]
[Site "Hilversum"]
[Date "2016.06.18"]
[Round "3.2"]
[White "Van de Griendt, Jan Willem"]
[Black "Leenhouts, Koen"]
[Result "1-0"]
[BlackElo "2488"]
[WhiteElo "2342"]
[LiveChessVersion "1.4.8"]

1. d4 Nf6 2. Bg5 Ne4 3. Bf4 c5 4. d5 Qb6 5. Bc1 e6 6. f3 Nf6 7. e4 exd5 8. exd5
Bd6 9. Na3 O-O 10. Be2 Qb4+ 11. Kf1 Qh4 12. Nh3 h6 13. Nc4 Ne8 14. Nf2 b5 15. g3
Qe7 16. Nxd6 Nxd6 17. Kg2 Re8 18. Re1 Bb7 19. Bf4 Na6 20. Qd2 Qf8 21. b3 Rac8 22.
Ng4 f5 23. Ne3 g5 24. Bxd6 Qxd6 25. Nxf5 Qf6 26. g4 c4 27. bxc4 bxc4 28. Bxc4
Rxe1 29. Qxe1 Rxc4 30. Qe8+ Kh7 31. Re1 Rxg4+ 32. Kf1 Rf4 33. Qxd7+ Kg6 34. Re6
Rxf3+ 35. Ke2 Rxf5 36. Rxf6+ Rxf6 37. Qxb7 Nc5 38. Qxa7 Ne4 39. Qd4 Nd6 40. c4
Nf5 41. Qe4 Ra6 42. a4 h5 43. c5 g4 44. d6 Kf6 45. d7 1-0

[Event "HSG Open 2016"]
[Site "Hilversum"]
[Date "2016.06.18"]
[Round "3.3"]
[White "Pruijssers, Roeland"]
[Black "Ketzetzis, Georgios"]
[Result "1-0"]
[BlackElo "2326"]
[WhiteElo "2465"]
[LiveChessVersion "1.4.8"]

1. e4 {[%clk 1:50:16]} c5 {[%clk 1:34:51]} 2. Nf3 {[%clk 1:49:45]} Nc6
{[%clk 1:34:56]} 3. Bb5 {[%clk 1:49:32]} Nf6 {[%clk 1:34:57]} 4. Bxc6
{[%clk 1:49:22]} dxc6 {[%clk 1:35:01]} 5. d3 {[%clk 1:49:25]} Qc7
{[%clk 1:35:05]} 6. O-O {[%clk 1:39:39]} e5 {[%clk 1:35:07]} 7. a4
{[%clk 1:38:44]} h6 {[%clk 1:35:07]} 8. a5 {[%clk 1:37:56]} Be6 {[%clk 1:35:03]}
9. b3 {[%clk 1:35:16]} O-O-O {[%clk 1:35:05]} 10. Qe1 {[%clk 1:34:31]} g5
{[%clk 1:34:07]} 11. Nc3 {[%clk 1:31:32]} Be7 {[%clk 1:33:37]} 12. Na4
{[%clk 1:29:22]} g4 {[%clk 1:33:23]} 13. Nh4 {[%clk 1:25:22]} Nh5
{[%clk 1:24:43]} 14. Nf5 {[%clk 1:16:28]} Bxf5 {[%clk 1:05:42]} 15. exf5
{[%clk 1:16:28]} Bd6 {[%clk 1:05:48]} 16. g3 {[%clk 1:05:23]} Qd7
{[%clk 1:03:02]} 17. Be3 {[%clk 1:00:51]} Qxf5 {[%clk 0:34:25]} 18. Bxc5
{[%clk 1:00:48]} Kb8 {[%clk 0:32:31]} 19. Qb4 {[%clk 0:51:31]} Bxc5
{[%clk 0:26:27]} 20. Nxc5 {[%clk 0:48:49]} Qc8 {[%clk 0:26:32]} 21. f3
{[%clk 0:47:39]} Rhg8 {[%clk 0:25:40]} 22. Qe4 {[%clk 0:32:09]} Ka8
{[%clk 0:16:33]} 23. fxg4 {[%clk 0:30:31]} Rxg4 {[%clk 0:15:37]} 24. Qf5
{[%clk 0:30:31]} Nf4 {[%clk 0:14:38]} 25. Qxc8+ {[%clk 0:28:44]} Rxc8
{[%clk 0:14:44]} 26. Kh1 {[%clk 0:26:13]} Ne6 {[%clk 0:11:44]} 27. Nxe6
{[%clk 0:23:53]} fxe6 {[%clk 0:11:49]} 28. Rf6 {[%clk 0:23:52]} e4
{[%clk 0:11:06]} 29. Ra4 {[%clk 0:22:26]} Rd8 {[%clk 0:08:52]} 30. Rd4
{[%clk 0:20:43]} 1-0

[Event "HSG Open 2016"]
[Site "Hilversum"]
[Date "2016.06.18"]
[Round "3.4"]
[White "Haast, Anne"]
[Black "Ten Hertog, Hugo"]
[Result "0-1"]
[BlackElo "2447"]
[WhiteElo "2293"]
[LiveChessVersion "1.4.8"]

1. e4 g6 2. d4 Bg7 3. Nc3 d6 4. f4 Nf6 5. Nf3 O-O 6. Be3 Nc6 7. Qd2 Ng4 8. Bg1 e5
9. h3 exd4 10. Nd5 Ne3 11. Nxe3 dxe3 12. Bxe3 Bxb2 13. Rb1 Bg7 14. Bd3 d5 15. e5
f6 16. exf6 Qxf6 17. O-O b6 18. g4 Bb7 19. f5 d4 20. Bf4 gxf5 21. Bxf5 Kh8 22.
Ng5 Ne7 23. Bxh7 Ng6 24. Bg3 Qc6 25. Kh2 Rae8 26. h4 Ne5 27. Bxe5 Bxe5+ 28. Kh3
Bf6 29. Be4 Rxe4 30. Nxe4 Qxe4 31. Rbe1 Qg6 32. h5 Qg7 33. Kh2 Be5+ 34. Kh3 Rg8
35. Rg1 Bf6 36. Ref1 Bc8 37. Qf4 Be5 38. Qe4 Qg5 39. Kg2 Bxg4 40. Kf2 Qh4+ 0-1

[Event "HSG Open 2016"]
[Site "Hilversum"]
[Date "2016.06.18"]
[Round "3.5"]
[White "Beerdsen, Thomas"]
[Black "Beeke, Bob"]
[Result "1-0"]
[BlackElo "2259"]
[WhiteElo "2396"]
[LiveChessVersion "1.4.8"]

1. e4 {[%clk 1:50:17]} e5 {[%clk 1:50:14]} 2. Nf3 {[%clk 1:50:23]} Nc6 3. Bc4 Bc5
4. c3 Nf6 5. d3 a6 6. O-O Ba7 7. Nbd2 O-O 8. Re1 d6 9. Nf1 Na5 10. Bb3 Nxb3 11.
Qxb3 Bg4 12. N1d2 Be6 13. Qxb7 Qd7 14. d4 Bxd4 15. Nxd4 exd4 16. Qb4 dxc3 17.
Qxc3 Rfe8 18. b3 Nh5 19. Bb2 f6 20. Rac1 Nf4 21. Qg3 Ng6 22. f4 Bf7 23. Nf3 Rac8
24. Rcd1 a5 25. f5 Ne5 26. Nxe5 fxe5 27. Bxe5 Bh5 28. Rd2 Qf7 29. Bc3 Rcd8 30.
Qh4 c6 31. g4 Qa7+ 32. Bd4 c5 33. Bc3 1-0

[Event "HSG Open 2016"]
[Site "Hilversum"]
[Date "2016.06.18"]
[Round "3.6"]
[White "Ni, Viktorija"]
[Black "Stark, Lars"]
[Result "1/2-1/2"]
[BlackElo "2385"]
[WhiteElo "2217"]
[LiveChessVersion "1.4.8"]

1. d4 {[%clk 1:50:16]} Nf6 {[%clk 1:49:46]} 2. c4 {[%clk 1:50:21]} c5
{[%clk 1:47:47]} 3. d5 {[%clk 1:50:25]} e5 {[%clk 1:47:52]} 4. Nc3
{[%clk 1:49:09]} d6 {[%clk 1:47:58]} 5. e4 {[%clk 1:49:04]} Be7 {[%clk 1:47:59]}
6. h3 {[%clk 1:45:53]} h5 {[%clk 1:48:02]} 7. Be3 {[%clk 1:43:47]} h4
{[%clk 1:46:44]} 8. Be2 {[%clk 1:41:33]} Nbd7 {[%clk 1:46:42]} 9. Qd2
{[%clk 1:30:13]} Nf8 {[%clk 1:46:37]} 10. f4 {[%clk 1:16:45]} exf4
{[%clk 1:43:29]} 11. Bxf4 {[%clk 1:16:40]} Ng6 {[%clk 1:43:35]} 12. Bh2
{[%clk 1:15:33]} Nd7 {[%clk 1:42:37]} 13. Nf3 {[%clk 1:15:32]} Nde5
{[%clk 1:38:45]} 14. b4 {[%clk 1:04:22]} b6 {[%clk 1:23:35]} 15. a3
{[%clk 0:55:06]} Bf6 {[%clk 1:21:02]} 16. Rb1 {[%clk 0:53:40]} Qe7
{[%clk 0:59:09]} 17. a4 {[%clk 0:43:25]} O-O {[%clk 0:55:16]} 18. a5
{[%clk 0:37:26]} cxb4 {[%clk 0:49:33]} 19. Rxb4 {[%clk 0:37:19]} bxa5
{[%clk 0:49:26]} 20. Ra4 {[%clk 0:36:24]} Ba6 {[%clk 0:48:53]} 21. Nd4
{[%clk 0:29:00]} Rfc8 {[%clk 0:47:22]} 22. Nf5 {[%clk 0:21:04]} Qc7
{[%clk 0:45:13]} 23. O-O {[%clk 0:18:10]} Bxc4 {[%clk 0:45:01]} 24. Nh6+
{[%clk 0:17:03]} Kh7 {[%clk 0:44:05]} 25. Rxf6 {[%clk 0:16:37]} Bxe2
{[%clk 0:43:08]} 26. Bxe5 {[%clk 0:08:35]} dxe5 {[%clk 0:41:20]} 27. Rc6
{[%clk 0:06:39]} Qd7 {[%clk 0:40:20]} 28. Qxe2 {[%clk 0:06:20]} Rxc6
{[%clk 0:34:56]} 29. dxc6 {[%clk 0:06:23]} Qxc6 {[%clk 0:35:02]} 30. Nxf7
{[%clk 0:05:33]} Qxc3 {[%clk 0:33:23]} 31. Qh5+ {[%clk 0:04:06]} Kg8
{[%clk 0:33:29]} 32. Nh6+ {[%clk 0:03:48]} Kh7 {[%clk 0:30:52]} 1/2-1/2

[Event "HSG Open 2016"]
[Site "Hilversum"]
[Date "2016.06.18"]
[Round "3.7"]
[White "Hendriks, Willy"]
[Black "Lanchava, Tea"]
[Result "1-0"]
[BlackElo "2265"]
[WhiteElo "2406"]
[LiveChessVersion "1.4.8"]

1. e4 {[%clk 1:50:16]} g6 {[%clk 1:50:13]} 2. d4 {[%clk 1:50:18]} Bg7
{[%clk 1:50:16]} 3. Nc3 {[%clk 1:50:23]} d6 {[%clk 1:50:03]} 4. Bg5
{[%clk 1:50:18]} a6 {[%clk 1:50:05]} 5. Nf3 {[%clk 1:50:01]} Nf6 {[%clk 1:49:23]}
6. e5 {[%clk 1:43:19]} Nfd7 {[%clk 1:48:39]} 7. exd6 {[%clk 1:27:10]} cxd6
{[%clk 1:48:14]} 8. Bc4 {[%clk 1:27:11]} Nb6 {[%clk 1:45:53]} 9. Bb3
{[%clk 1:26:53]} h6 {[%clk 1:44:19]} 10. Be3 {[%clk 1:21:20]} d5 {[%clk 1:40:35]}
11. Ne5 {[%clk 1:19:18]} Nc6 {[%clk 1:35:59]} 12. f4 {[%clk 1:18:53]} O-O
{[%clk 1:33:37]} 13. O-O {[%clk 1:13:15]} Na5 {[%clk 1:32:03]} 14. Qe2
{[%clk 1:04:45]} e6 {[%clk 1:27:37]} 15. Rad1 {[%clk 1:03:33]} Qc7
{[%clk 1:27:12]} 16. h4 {[%clk 1:01:31]} Nbc4 {[%clk 1:26:19]} 17. Bc1
{[%clk 1:01:05]} b5 {[%clk 1:24:43]} 18. h5 {[%clk 0:50:56]} Nxe5
{[%clk 1:23:33]} 19. fxe5 {[%clk 0:49:09]} g5 {[%clk 1:20:03]} 20. Rd3
{[%clk 0:38:03]} b4 {[%clk 1:15:17]} 21. Nd1 {[%clk 0:32:25]} Bd7
{[%clk 0:58:54]} 22. Bxg5 {[%clk 0:31:40]} hxg5 {[%clk 0:50:55]} 23. h6
{[%clk 0:31:36]} Bxe5 {[%clk 0:48:54]} 24. dxe5 {[%clk 0:31:06]} Bb5
{[%clk 0:47:33]} 25. Qe3 {[%clk 0:19:01]} Qa7 {[%clk 0:41:36]} 26. Rd4
{[%clk 0:17:00]} Kh7 {[%clk 0:36:58]} 27. Rf2 {[%clk 0:09:08]} Nc6
{[%clk 0:29:06]} 28. c3 {[%clk 0:09:06]} Nxd4 {[%clk 0:28:10]} 29. cxd4
{[%clk 0:09:09]} Rg8 {[%clk 0:27:23]} 30. Bc2+ {[%clk 0:08:51]} Kh8
{[%clk 0:25:24]} 31. Qf3 {[%clk 0:07:51]} Qe7 {[%clk 0:25:27]} 32. Ne3
{[%clk 0:07:02]} Rac8 {[%clk 0:21:43]} 33. Ng4 {[%clk 0:06:45]} Rc7
{[%clk 0:19:17]} 34. Nf6 {[%clk 0:05:49]} Rgc8 {[%clk 0:16:59]} 35. Bd3
{[%clk 0:05:33]} Rc1+ {[%clk 0:14:21]} 36. Kh2 {[%clk 0:05:41]} Qf8
{[%clk 0:14:19]} 37. Ng4 {[%clk 0:05:30]} f5 {[%clk 0:13:50]} 38. exf6
{[%clk 0:05:04]} Bxd3 1-0

[Event "HSG Open 2016"]
[Site "Hilversum"]
[Date "2016.06.18"]
[Round "3.8"]
[White "Blees, Albert"]
[Black "De Boer, Eelke"]
[Result "1/2-1/2"]
[BlackElo "2168"]
[WhiteElo "2403"]
[LiveChessVersion "1.4.8"]

1. d4 {[%clk 1:50:01]} e6 {[%clk 1:50:13]} 2. Nf3 {[%clk 1:49:36]} f5
{[%clk 1:49:26]} 3. g3 {[%clk 1:48:57]} Nf6 {[%clk 1:49:29]} 4. Bg2
{[%clk 1:48:54]} g6 {[%clk 1:49:21]} 5. c4 {[%clk 1:48:07]} Bg7 {[%clk 1:49:24]}
6. Nc3 {[%clk 1:47:48]} O-O {[%clk 1:49:03]} 7. O-O {[%clk 1:47:24]} d6
{[%clk 1:49:06]} 8. Qc2 {[%clk 1:46:37]} Nc6 {[%clk 1:48:58]} 9. b3
{[%clk 1:40:43]} Nb4 {[%clk 1:45:41]} 10. Qd2 {[%clk 1:39:25]} a5
{[%clk 1:45:43]} 11. Bb2 {[%clk 1:37:05]} Ne4 {[%clk 1:45:21]} 12. Nxe4
{[%clk 1:35:20]} fxe4 {[%clk 1:45:24]} 13. Ne1 {[%clk 1:35:23]} d5
{[%clk 1:45:06]} 14. f3 {[%clk 1:34:01]} c5 {[%clk 1:44:15]} 15. e3
{[%clk 1:28:28]} cxd4 {[%clk 1:25:05]} 16. exd4 {[%clk 1:27:15]} exf3
{[%clk 1:15:24]} 17. Nxf3 {[%clk 1:25:00]} Nc6 {[%clk 1:14:43]} 18. Ne5
{[%clk 1:12:28]} Rxf1+ {[%clk 0:57:37]} 19. Rxf1 {[%clk 1:12:26]} dxc4
{[%clk 0:56:40]} 20. Nf7 {[%clk 0:59:22]} Qb6 {[%clk 0:47:58]} 21. Bxc6
{[%clk 0:44:21]} bxc6 {[%clk 0:46:57]} 22. Nh6+ {[%clk 0:41:44]} Kh8
{[%clk 0:46:36]} 23. bxc4 {[%clk 0:40:10]} Ba6 {[%clk 0:41:27]} 24. Qc1
{[%clk 0:19:55]} Qb4 {[%clk 0:32:53]} 25. Rf2 {[%clk 0:14:52]} Qxc4
{[%clk 0:24:32]} 26. Nf7+ {[%clk 0:14:48]} Kg8 {[%clk 0:24:32]} 27. Nh6+
{[%clk 0:14:37]} Kh8 {[%clk 0:24:04]} 28. Nf7+ {[%clk 0:14:34]} Kg8
{[%clk 0:24:05]} 29. Nh6+ {[%clk 0:14:32]} Kh8 {[%clk 0:14:44]} 1/2-1/2

[Event "HSG Open 2016"]
[Site "Hilversum"]
[Date "2016.06.18"]
[Round "3.9"]
[White "Warmerdam, Max"]
[Black "Overeem, Marc"]
[Result "1-0"]
[BlackElo "2193"]
[WhiteElo "2382"]
[LiveChessVersion "1.4.8"]

1. e4 {[%clk 1:50:16]} c6 {[%clk 1:50:01]} 2. d4 {[%clk 1:50:21]} d5
{[%clk 1:49:59]} 3. e5 {[%clk 1:50:27]} Bf5 {[%clk 1:49:44]} 4. Nf3
{[%clk 1:50:32]} e6 {[%clk 1:49:38]} 5. Be2 {[%clk 1:50:37]} Nd7 {[%clk 1:49:29]}
6. O-O {[%clk 1:50:36]} h6 {[%clk 1:49:16]} 7. Nbd2 {[%clk 1:50:39]} Ne7
{[%clk 1:49:03]} 8. Nb3 {[%clk 1:49:26]} g5 {[%clk 1:48:35]} 9. Ne1
{[%clk 1:48:27]} Qc7 {[%clk 1:47:42]} 10. a4 {[%clk 1:46:21]} Bg7
{[%clk 1:44:37]} 11. a5 {[%clk 1:44:44]} O-O {[%clk 1:40:11]} 12. Nd3
{[%clk 1:38:43]} b6 {[%clk 1:35:09]} 13. f4 {[%clk 1:26:14]} gxf4
{[%clk 1:29:39]} 14. Nxf4 {[%clk 1:23:10]} c5 {[%clk 1:21:07]} 15. Nh5
{[%clk 1:17:20]} c4 {[%clk 1:15:49]} 16. Nxg7 {[%clk 1:08:17]} Kxg7
{[%clk 1:14:12]} 17. Nd2 {[%clk 1:06:35]} c3 {[%clk 1:10:02]} 18. Nf3
{[%clk 1:06:30]} cxb2 {[%clk 1:07:25]} 19. Bxb2 {[%clk 1:06:23]} Ng6
{[%clk 1:04:17]} 20. Bd3 {[%clk 0:54:21]} Bxd3 {[%clk 1:00:24]} 21. cxd3
{[%clk 0:54:06]} bxa5 {[%clk 0:57:09]} 22. Qd2 {[%clk 0:51:16]} f5
{[%clk 0:50:10]} 23. Rxa5 {[%clk 0:41:47]} f4 {[%clk 0:42:40]} 24. Rfa1
{[%clk 0:40:08]} Rf7 {[%clk 0:40:01]} 25. Ra6 {[%clk 0:39:37]} Nb6
{[%clk 0:36:39]} 26. Ba3 {[%clk 0:39:24]} Rd8 {[%clk 0:31:55]} 27. Bc5
{[%clk 0:38:11]} Nc8 {[%clk 0:30:35]} 28. Rxe6 {[%clk 0:38:02]} 1-0